[Event "POL-chT rapid"]
[Site "Zgierz"]
[Date "2018.03.03"]
[Round "2.20"]
[White "Jarocka, Liwia"]
[Black "Karykowska, Anna"]
[Result "1-0"]
[WhiteElo "1989"]
[BlackElo "1950"]
[PlyCount "35"]
[EventDate "2018.03.03"]
[EventType "team-swiss (rapid)"]
[EventRounds "9"]
[EventCountry "POL"]
[SourceTitle "CBM 183 Extra"]
[Source "ChessBase"]
[SourceDate "2018.04.19"]
[SourceVersion "1"]
[SourceVersionDate "2018.04.19"]
[SourceQuality "1"]
[WhiteTeam "Katowice Wasko II"]
[BlackTeam "Legnica Miedz"]
[WhiteTeamCountry "POL"]
[BlackTeamCountry "POL"]

1. e4 c5 2. Nf3 a6 3. c4 Nc6 4. d4 cxd4 5. Nxd4 e5 6. Nf5 d5 7. cxd5 Bxf5 8. exf5 Nd4 9. Nc3 Nxf5 10. Bd3 Nd4 11. 0-0 Nf6 12. Re1 Nd7 13. Qa4 Bc5 14. Rxe5+ Kf8 15. Re1 Nf6 16. Be3 b5 17. Qd1 b4 18. Ne4 1-0

[Event "POL-chT rapid"]
[Site "Zgierz"]
[Date "2018.03.03"]
[Round "7.16"]
[White "Karykowska, Anna"]
[Black "Kubicka, Anna"]
[Result "1/2-1/2"]
[WhiteElo "1950"]
[BlackElo "2235"]
[PlyCount "86"]
[EventDate "2018.03.03"]
[EventType "team-swiss (rapid)"]
[EventRounds "9"]
[EventCountry "POL"]
[SourceTitle "CBM 183 Extra"]
[Source "ChessBase"]
[SourceDate "2018.04.19"]
[SourceVersion "1"]
[SourceVersionDate "2018.04.19"]
[SourceQuality "1"]
[WhiteTeam "Legnica Miedz"]
[BlackTeam "Dabrowa Gornicza Zaglebie"]
[WhiteTeamCountry "POL"]
[BlackTeamCountry "POL"]

1. e4 c5 2. Nf3 d6 3. Nc3 Nf6 4. e5 dxe5 5. Nxe5 Nbd7 6. d4 Nxe5 7. dxe5 Qxd1+ 8. Nxd1 Nd5 9. Bb5+ Bd7 10. Bxd7+ Kxd7 11. 0-0 c4 12. Ne3 Nxe3 13. Bxe3 e6 14. Rfd1+ Kc7 15. a4 c3 16. bxc3 Be7 17. Rd4 b6 18. a5 b5 19. Rad1 Rhd8 20. Rxd8 Bxd8 21. c4 bxc4 22. Rd4 Be7 23. Kf1 a6 24. Rxc4+ Kd7 25. Ke2 Rc8 26. Kd3 Rxc4 27. Kxc4 Kc6 28. Bb6 Ba3 29. c3 Bc1 30. g3 h5 31. h4 g6 32. Be3 Ba3 33. f3 Be7 34. Bg5 Bc5 35. g4 Bf2 36. gxh5 gxh5 37. Bf6 Bg3 38. Kb4 Be1 39. Kc4 Bg3 40. Kb4 Be1 41. Kc4 Bg3 42. Kb4 Bf2 43. Kc4 Bg3 1/2-1/2